Statistics for Characters from Books #3

Click here to take the quiz!

General Stats

  • This quiz has been taken 24,130 times
  • The average score is 10 of 22

Answer Stats

CharacterBook% Correct
Mr. DarcyPride and Prejudice
80%
AslanThe Chronicles of Narnia series
80%
Atticus FinchTo Kill A Mockingbird
74%
Lemuel GulliverGulliver's Travels
72%
Aladdin1,001 Arabian Nights
63%
Arya StarkA Song of Ice and Fire series
61%
MacduffMacbeth
57%
Abraham Van HelsingDracula
52%
Sancho PanzaDon Quixote
47%
Emma BovaryMadame Bovary
46%
Robert Langdon The Da Vinci Code
43%
FridayRobinson Crusoe
42%
Lisbeth SalanderMillennium series
42%
Arthur DentThe Hitchhiker's Guide to the Galaxy
33%
Winston SmithNineteen Eighty-Four
30%
Bertie WoosterJeeves series
27%
Tom JoadThe Grapes of Wrath
26%
Captain YossarianCatch-22
25%
CirceThe Odyssey
24%
Gregor SamsaThe Metamorphosis
17%
John GaltAtlas Shrugged
16%
Captain Holly ShortArtemis Fowl
10%

Score Distribution

Percentile by Number Answered

Percent of People with Each Score

Your Score History

You have not taken this quiz